000 00529nam a22002057a 4500
003 OSt
005 20170310145011.0
008 170310b xxu||||| |||| 00| 0 eng d
020 _a9780471438182
040 _cDDC.
082 _a537.12JIN 2002;
100 _axxiv,753p;
_911814
245 _aThe Finite Element Method in electromagnetic:
250 _a2nd ed.
260 _aCanada.
_bWiley&sons.
_c2002.
300 _axxiv,753p;
_bill:
_c26cm.
504 _aincludes index.
650 _aPhysics.
_9809
942 _2ddc
_cO_SHELF
999 _c5666
_d5666